000 00339nam a22001457a 4500
008 210511b ||||| |||| 00| 0 eng d
020 _a97808036199111
041 _aeng
080 _211th
_a610.73
082 _a610.73
100 _a1
101 _aINF
245 _aDavis's Drug Guide for Nursing
_cJudith H. Deglin
942 _2udc
_cBK
999 _c57198
_d57198